Satisfacción de las necesidades basicas de la población del istmo centroamericano

সংরক্ষণ করুন:
গ্রন্থ-পঞ্জীর বিবরন
সংস্থা লেখক: Naciones Unidas
বিন্যাস: পাঠ‍্য
প্রকাশিত: México D.F.: Naciones Unidas
ট্যাগগুলো: ট্যাগ যুক্ত করুন
কোনো ট্যাগ নেই, প্রথমজন হিসাবে ট্যাগ করুন!

MARC

LEADER 00000 a a2200000 04500
001 24611
003
040
090 |a 177000  
110 |a Naciones Unidas  
245 |a Satisfacción de las necesidades basicas de la población del istmo centroamericano  
260 |a México D.F.:   |b Naciones Unidas  
300 |a 86 p.   |b **no definido**  
999 |c 15805  |d 15805